| 000 | 01302cam a22002771 4500 | ||
|---|---|---|---|
| 001 | hew66000004 | ||
| 003 | DLC | ||
| 005 | 20260227111514.0 | ||
| 008 | 790323s1965 dcu f000 0 eng c | ||
| 010 | _ahew66000004 | ||
| 035 | _a(OCoLC)4770230 | ||
| 040 |
_aU.S. Dept of Health, Education, and Welfare. Library _cNGenoU _dOCoLC _dDLC |
||
| 042 | _apremarc | ||
| 050 | 0 | 0 |
_aL111 _b.A6 1965, no. 26 |
| 051 |
_aLB1028 _b.B37 |
||
| 100 | 1 |
_aBean, John Ellis, _d1926- |
|
| 245 | 1 | 0 |
_aResearch in State departments of education, _cby John E. Bean. |
| 260 |
_a[Washington] _bU.S. Dept. of Health, Education, and Welfare, Office of Education; [for sale by the Superintendent of Documents, U.S. Govt. Print. Off., 1965] |
||
| 300 |
_avi, 155 p. _c24 cm. |
||
| 490 | 0 |
_aUnited States. Office of Education. Bulletin 1965, _vno. 26 |
|
| 500 | _a"OE-23040." | ||
| 501 |
_aCopies 1 and 2 of L111.A6 with: Curriculum patterns in English / Donald Reuel Tuttle. Washington : U.S. Govt. Print. Off., 1965. Bound together subsequent to publication. _5DLC |
||
| 501 |
_aCopy 3 of L111.A6 with Supervision in rural schools / Jane Franseth. Washington : U.S. Govt. Print. Off., 1965. Bound together subsequent to publication. _5DLC |
||
| 650 | 0 |
_aEducation _xResearch. |
|
| 650 | 0 | _aState departments of education. | |
| 999 |
_c34574 _d34574 |
||